000 01391nam a2200241Ia 4500
999 _c56551
_d56551
001 23665
003 GE_BSU
005 20191029124536.0
008 181216s2011||||ge |||||||||||||| ||geo||
020 _a978-9941-10-313-1
041 _ageo
080 _a31:33(075.8) ხ-65
100 _aხმალაძე, მერაბ.
_95071
245 _aსტატისტიკა ეკონომიკასა და ბიზნესში :
_bსახელმძღვ. თსუ-ს ეკონომიკისა და ბიზნესის ფაკ-ტის სტუდენტებისა და მაგისტრანტებისათვის /
_c მერაბ ხმალაძე ; რედ : ბიკენტი გაბიძაშვილი.
250 _aმე-2 შევს. და გადამუშ. გამოც.
264 _aთბილისი :
_bმერიდიანი,
_c2011
300 _a556გვ. ;
_c29 სმ.
504 _aბიბლიოგრ.: გვ. 552-555.
653 _aეკონომიკური სტატისტიკა
653 _aსტატისტიკა ეკონომიკასა და ბიზნესში
700 _a გაბიძაშვილი, ბიკენტი
_eრედაქტორი
_95072
942 _cBK
_2udc